00575nam a2200121 a 4500008004100000050001500041245004100056246010600097350000900203995009300212999001700305952013100322120416s9999 xx |||||||||||||| || u aTD 653 Ins10aSafety in sewers and at sewage works arecommendations for the safety of men working in sewers, manholes, pumping stations and at sewage ... a0.00 D0.00FCBU-MAIN LIBRARY (Kitwe)H1I0.50M1UDAMAGEDZMain Library Open Access Collection c56905d56905 00102lcc4070a001b001cMain Library Open Access Collectiond2022-11-30l0oTD 653 Insp717640r2022-11-30w2022-11-30y002